Responses for Show #2532 - Tuesday, September 12, 1995

Len Krisak game 1.

Contestants

[<< previous game]

Mimi Owens, a singer and registered nurse from Jessup, Maryland

Len Krisak, an editor from Newton, Massachusetts

Jack Honig, a songwriter from Jericho, Vermont (whose 1-day cash winnings total $9,500)

[next game >>]

Jeopardy! Round responses

NATURE
THE GOLDEN GLOBE AWARDS
FOOD & DRINK
THE 19th CENTURY
TRAVEL U.S.A.
CROSSWORD CLUES "D"
    $100 9
a mongoose

Len
    $100 24
Forrest Gump

Len
    $100 4
a chicken

Jack
    $100 10
the Monroe Doctrine

Mimi
    $100 1
San Francisco

Jack
    $100 8
dial

Mimi
    $200 20
a starfish

Jack
    $200 26
Clark Gable

Jack
    $200 5
sake

Jack
    $200 11
Queen Victoria

Jack
    $200 2
South Dakota

Jack
    $200 15
drum

Jack
    $300 21
mushroom

Triple Stumper
    $300 27
NYPD Blue

Jack
    $300 19
(Mimi: Uh, what is plum pudding?)

fruit cake

LenMimi
    $300 12
Greece

Jack
    $300 3
(Alex: Yes, and the correct response from the lady in red.)

John Dillinger

Mimi
    $300 16
(Len: What is a dram?)

Dixie

Len
Triple Stumper
    $400 22
elm

Mimi
    $400 28
Linda Evans

Len
    $400 25
salsa

Len
    $400 13
the Gadsden Purchase

Len
    $400 6
Colorado

Jack
    $400 17
a discus

Jack
    $500 23
buffalo (bison)

Mimi
    $500 30
Gerard Depardieu

Len
    $500 29
Jamaica

Len
    $500 14
Haiti

Jack
    $400 7
Dollywood

Jack
    $500 18
disposable diapers

Mimi

Scores at the first commercial break (after clue 15):

Jack Len Mimi
$2,600 $500 $500

Scores at the end of the Jeopardy! Round:

Jack Len Mimi
$3,700 $2,400 $1,600

Double Jeopardy! Round responses

WORLD CITIES
ARCHITECTURE
RELIGION
THE CIVIL WAR
FASHION
MOBY DICK
    $200 4
the Thames

Mimi
    $200 3
the Capitol

Jack
    $200 1
the Mormons

Jack
    $200 8
the Mississippi

Mimi
    $200 20
a (pocket) watch

Jack
    $200 24
a gold piece

Len
    $400 11
Amsterdam

Len
    $400 10
Less

Jack
    $400 2
Francis of Assisi

Len
    $400 9
the Monitor

Len
    $400 21
a cardigan

Jack
    $400 25
"Call me Ishmael"

Len
    $600 14
Bogota

Len
    $600 12
Volvo

Len
    $600 5
(Jack: What's Boston?)
(Len: What is Chicago?)

Los Angeles

JackLen
Triple Stumper
    $600 16
Richmond

Jack
    $600 22
fatigues (camouflage pants)

Mimi
    $600 26
133

Len
    $1,600 18
Lisbon (Portugal)

Jack
    $800 13
a geodesic dome

Jack
    $800 6
nirvana

Jack
    $800 17
Burnside

Jack
    $800 23
a babushka

Len
    $800 27
the Pequod

Len
    $1000 19
Ecuador

Jack
    $1000 15
Eero Saarinen

Len
    $1000 7
eucharist

Mimi
    $5,000 30
(Mimi: What is Florida?)

South Carolina

Mimi
    $1000 29
collar

Mimi
    $1000 28
Queequeg

Mimi

Scores at the end of the Double Jeopardy! Round:

Jack Len Mimi
$10,100 $8,000 $600

[wagering suggestions for these scores]

Final Jeopardy! Round responses

FAMOUS SPEECHES
(Alex: Reference to the famous, "Give me liberty; give me [*].")
MimiWhat is death?
$500
LenWhat is death?
$4,200
JackWhat republic
$6,000
death

Final scores:

Jack Len Mimi
$4,100 $12,200 $1,100
2nd place: Lloyd Flanders wicker furniture & Ducane gas grill + Jeopardy! Sports edition for home computer or Super Nintendo New champion: $12,200 3rd place: Go Video dual deck VCR + Jeopardy! Sports edition for home computer or Super Nintendo

Game dynamics:

Coryat scores:

Jack Len Mimi
$9,400 $8,000 $5,600
25 R
(including 2 DDs),
1 W
19 R,
2 W
12 R,
2 W
(including 1 DD)

Combined Coryat: $23,000

[game clues] [game scores] [suggest correction]

Game tape date: Unknown
The J! Archive is created by fans, for fans. Scraping, republication, monetization, and malicious use prohibited; this site may use cookies and collect identifying information. See terms. The Jeopardy! game show and all elements thereof, including but not limited to copyright and trademark thereto, are the property of Jeopardy Productions, Inc. and are protected under law. This website is not affiliated with, sponsored by, or operated by Jeopardy Productions, Inc. Join the discussion at JBoard.tv.